Vnímanie ekonomického rizika študentmi diplomová práca

Gespeichert in:
Bibliographische Detailangaben
1. Verfasser: Cipošová, Otília
Körperschaft: Podnikovohospodárska fakulta EU so sídlom v Košiciach. Katedra kvantitatívnych metód
Weitere Verfasser: Bosáková, Lucia
Format: Buch
Sprache:Slowakisch
Veröffentlicht: Košice 2015
Tags: Tag hinzufügen
Keine Tags, Fügen Sie das erste Tag hinzu!

MARC

LEADER 00000nbm a2200000 4500
001 0202308
005 20161212094545.7
041 0 |a slo 
044 |a SK 
245 1 0 |a Vnímanie ekonomického rizika študentmi  |b diplomová práca  |c Otília Cipošová ; školiteľ: Lucia Bosáková 
264 1 |a Košice  |c 2015 
300 |a 61 s. 
100 1 |a Cipošová, Otília 
700 1 |a Bosáková, Lucia 
710 2 |a Podnikovohospodárska fakulta EU so sídlom v Košiciach. Katedra kvantitatívnych metód